Quizz Culture et Loisirs - Statistiques

Statistiques générales
  • Ce quiz a été pris 144 fois
    142 depuis la dernière actualisation
  • Le résultat moyen est 19 sur 30
Statistiques - réponses
Question Réponse % Correct
De quelle couleur sont les Schtroumpfs ? Bleu
100%
Dark Vador est quoi pour Luke Skywalker ? Son père
95%
Combien Donald Duck a de neveux ? 3
94%
Ce super-héros tisse des toiles et grimpe aux murs. Comment s'appelle-t-il ? Spider-man
94%
Quel jour de la semaine Garfield n'aime pas ? Le Lundi
92%
Qu'adorent manger les Tortues Ninja ? Des pizza
90%
Qui a écrit des fables comme "Le corbeau et le renard" et "Le lièvre et la tortue" ? Jean de la Fontaine
90%
Comment s'appelle la princesse dans Mario ? Peach
90%
Comment est nommée la voiture de Batman ? La Batmobile
89%
Qu'est-ce que Bugs Bunny grignote régulièrement en disant "Quoi de neuf docteur" ? Une carotte
83%
Dans quoi vit Bob l'éponge ? Un ananas
81%
De quel type est Pikachu dans Pokémon ? Électrique
79%
En quelle année est sorti le film Toy Story ? 1995
69%
Que transporte régulièrement Obélix dans les BD Astérix ? Un menhir
69%
Quelle case fait gagner une somme d'argent en passant dessus au Monopoly ? Départ
68%
Quel animal a été scellé à l'intérieur de Naruto ? Un renard
67%
De quel peuple font partie Bilbo et Frodon dans Le Seigneur des Anneaux ? Les Hobbit
61%
Avec quoi Luffy a obtenu son pouvoir dans One Piece ? Un fruit du démon
61%
Où travaille Homer Simpson ? À la centrale nucléaire
57%
Quelle phrase est régulièrement répétée par Titeuf ? C'est pô juste
54%
Comment s'appelle l'attaque iconique que Goku a appris auprès de Tortue Géniale dans Dragon Ball ? Kamehameha
47%
Dans quelle dimension trouve-t-on des Ghast et des Blaze dans Minecraft ? Le Nether
45%
Dans quelle montagne Tintin est parti à la recherche de son ami Tchang ? Le Tibet
42%
Quel est le nom de l'artefact emblématique dans The Legend of Zelda formé de trois triangles d'or ? La Triforce
35%
Quelle est la monnaie dans les jeux Animal Crossing ? Les clochettes
34%
À quelle catégorie de créatures appartient Godzilla ? Les Kaiju
22%
Sur quelle console est sorti en premier le jeu Sonic the Hedgehog ? Megadrive
21%
Dans quoi la marmotte met le chocolat dans la pub Milka ? Du papier aluminium
19%
Au nom de quoi Sailor Moon va punir les méchants ? La lune
18%
Quel est le nom de l'entreprise qui a créé Hello Kitty ? Sanrio
9%
Aucun quiz correspondant
Distribution des résultats
% des personnes avec chaque résultat
Percentile par nombre de réponses
Votre historique - résultats
Vous n’avez pas pris ce quiz depuis la dernière actualisation